000 00672nam a2200229Ia 4500
003 OSt
005 20220928123944.0
006 a|||||r|||| 00| 0
007 ta
008 220927b |||||||| |||| 00| 0 eng d
024 _a51337
037 _cTextual
040 _aSDCL
_cSDCL
_beng
041 _2eng
_aeng
082 _aV53'M34, L4
100 _aBezucha Robert J
_9462588
245 0 _aLyon Uprising of 1834
_b Social and political conflict in the early july monarchy.
260 _aCambridge
_bHarvard University Press
_c1974
300 _axv,271p.
_ccm.
942 _hV53'M34, L4
_cTEXL
_2CC
999 _c775560
_d775560